000
00346nam a2200145Ia 4500
008
221030s9999 xx 000 0 und d
041
_a
English
082
_a
105.23
100
_a
A. Schure
245
0
_a
Basic Television Vol. 1 - 5
_c
by A. Schure
260
_b
Galgotia Pub
_a
New Delhi
_c
1958
300
_a
5-135
650
_a
ECE
942
_c
BK
999
_c
10535
_d
10535